Sports Quiz

Random Sports or Logo Quiz

MLB Teams by Historical Logo Quiz Stats

Quiz Updated Sep 13, 2015

Also try: MLB Original Logos
Challenge
Share
Tweet
Score 0/30 Timer 03:00
25 Plays Today
# team % Correct
Yankees
97%
Cubs
95.9%
Cardinals
95.4%
Orioles
95.1%
Blue Jays
95%
Rockies
94%
Rangers
91.5%
Indians
90.9%
Red Sox
88.2%
Marlins
87.5%
Mets
86.9%
Royals
86.7%
Diamondbacks
85.7%
Angels
85.5%
Rays
79.9%
# team % Correct
Brewers
79.8%
Athletics
79.4%
Nationals
78.5%
Tigers
77.9%
Astros
74.1%
Twins
73.8%
Braves
72.9%
Mariners
71.1%
Dodgers
69.4%
Reds
68.5%
Padres
55.8%
Giants
53.9%
White Sox
51.9%
Phillies
47.3%
Pirates
46.8%

You're not logged in!

Compare scores with friends on all Sporcle quizzes.
Join for Free
OR
Log In

You Might Also Like...

Show Comments

Extras

Top Quizzes Today


Score Distribution

Your Account Isn't Verified!

In order to create a playlist on Sporcle, you need to verify the email address you used during registration. Go to your Sporcle Settings to finish the process.

Report this User

Report this user for behavior that violates our Community Guidelines.

Details: